| 000 | 00416nam a2200169Ia 4500 | ||
|---|---|---|---|
| 008 | 260407s2023 xx 000 0 und d | ||
| 041 | _aeng | ||
| 082 |
_a363.19463/BHI _b12096 |
||
| 100 | _aDR. S.B. BHISE | ||
| 245 | _aPHARMACOVIGILANCE | ||
| 250 | _a3RD | ||
| 260 |
_aPUNE _bNIRALI PRAKASHAN _c2023 |
||
| 300 | _a5.22p | ||
| 650 | _aPHARMACOLOGY | ||
| 650 | _aPHARMACOVIGILANCE | ||
| 700 | _aMRS. M.S. BHISE | ||
| 999 |
_c1219588 _d1219588 |
||